000 00571nam a2200181Ia 4500
008 090711s9999 xx 000 0 und d
082 _b536
100 _aओशो
245 _aसंभोगातून समाधीकडे
260 _bजीवन जागृती केंद्र प्रकाशन
300 _a128
600 _aओशो
630 _aसंभोगातून समाधीकडे
700 _aओशो
700 _aओशो
730 _aसंभोगातून समाधीकडे
942 _cBOOK
999 _c324033
_d324033